Vedantakarika (Record no. 395885)

MARC details
000 -LEADER
fixed length control field 00559 a2200217 4500
005 - DATE & TIME
control field 20260512163316.0
008 - FIXED-LENGTH DATA ELEMENTS--GENERAL INFORMATION
fixed length control field 260512b |||||||| |||| 00| 0 eng d
020 ## - ISBN
International Standard Book Number 9789385539923
Price Rs. 995.00
040 ## - CATALOGING SOURCE
Original cataloging agency VIVEKANANDA LIBRARY
082 ## - DDC NUMBER
Classification number 294.5927
Book Number S58V
100 ## - MAIN ENTRY--PERSONAL NAME
Personal name Semval, Jagdish Prasad
245 ## - TITLE STATEMENT
Title Vedantakarika
260 ## - PUBLICATION, DISTRIBUTION, ETC. (IMPRINT)
Name of publisher, distributor, etc Vidyanidhi Prakashan
Date of publication, distribution, etc 2021
Place of publication, distribution, etc Delhi
300 ## - PHYSICAL DESCRIPTION
Pages 351
650 ## - Subject
Subject Vedanta Philosophy
650 ## - Subject
Subject Religions
650 ## - Subject
Subject Hindu philosophy
650 ## - Subject
Subject Karika literature
700 ## - Added Entry Personal Name
Added Entry Personal Name Dindoriya, Ved prakash
942 ## - ADDED ENTRY ELEMENTS (KOHA)
Koha item type Books
Holdings
Withdrawn status Lost status Source of classification or shelving scheme Damaged status Not for loan Location (home branch) Sublocation or collection (holding branch) Shelving location Date acquired Koha issues (times borrowed) Koha full call number Accession No. Koha date last seen Koha item type
    Dewey Decimal Classification     VIVEKANANDA LIBRARY VIVEKANANDA LIBRARY Vivekananda Library 21/01/2026   294.5927 S58V 444623 21/01/2026 Books
© Designed and Maintained by Vivekananda Library, MDU Rohtak